| 000 | 00275nam a22001217a 4500 | ||
|---|---|---|---|
| 999 |
_c23170 _d23170 |
||
| 003 | Nust | ||
| 005 | 20170412132740.0 | ||
| 008 | 170324b xxu||||| |||| 00| 0 eng d | ||
| 020 | _a8129709074 | ||
| 040 |
_aDLC _bDLC _cRCMS |
||
| 082 | _a621.3981 MAR | ||
| 100 | _aJON W. MARK, WEIHUA ZHUANG | ||
| 245 | _aWIRELESS COMMUNICATIONS AND NETWORKING | ||
| 260 |
_aINDIA _bPEARSON _cc2003 |
||
| 300 |
_ax,356,p: _bill: _c26,cm. |
||
| 538 | _iShelf # 15, Row # 3, Communication. | ||
| 650 | _aNetworking | ||
| 856 | _3Table of Content Only | ||
| 942 |
_cBK _2ddc |
||